005290000a22001330004500090001700000245011500017041001400132700003000146700003500176100004100211942001300252773011300265999001700378 aASbSeriadas10aSimilaridad de la composición íctica entre dos ambientes del río Yucao, sistema del río Meta, Colombia0 aEspañol1 aCastro P., William9991911 aGalvis Vergara, Germán950951 aSánchez V., René Mauricio999192 cARTICULO1 tRevista de la Academia Colombiana de Ciencias Exactas, Fisicas y Naturales332hSupl. Espq567-574d1999g23 c14302d14302